000 00582nam a2200229Ia 4500
003 OSt
005 20220918201817.0
006 a|||||r|||| 00| 0
007 ta
008 220917b |||||||| |||| 00| 0 eng d
024 _a96,628
037 _cTextual
040 _aARTS
_cARTS
_beng
041 _2eng
_aeng
082 _aV2:21wM85, H8
100 _aHardings Lord
_9100807
245 0 _aMy India years 1910-1916
_b the reminiscences
260 _c1948
650 _aHISTORY
942 _hV2:21wM85, H8
_cTEXL
_2CC
999 _c220234
_d220234